00466nam a2200169Ia 450000500170000000800410001702000130005804000180007104100080008910000220009724500570011926000500017630000180022665000210024465000150026565000160028020211111074828.0130821s1998 xxu gr eng  a18832496 aCo-BoUCMbspa00aeng1 aFabozzi, Frank J.10aTreasury securities and derivatiescFrank J. Fabozzi aWashingtonbFrank J. Fabozzi Associatesc1998 a305 páginas04aBonos del tesoro04aEconomía04aInversiones